| 000 | 01387nam a22002177a 4500 | ||
|---|---|---|---|
| 008 | 090909s au||||| |||| 00| 0 ara d | ||
| 020 | _a9771737899 | ||
| 082 |
_222 _a212.2962 _bه ا ش |
||
| 100 |
_98764 _aهاشم ، صلاح |
||
| 245 |
_aالعدالة و المجتمع المدني حالة مصر/ _cصلاح هاشم |
||
| 260 |
_aالقاهرة: _bالهيئة العامة لقصور الثقافة، _c2006 |
||
| 300 |
_a232 ص؛ _c19 سم |
||
| 490 | _aالاصدارات الخاصة | ||
| 504 | _aتحتوي على ببليوجرافية من ص 221-224 | ||
| 650 |
_98765 _aالعدالة الاجتماعية _zمصر |
||
| 942 |
_2ddc _cBB |
||
| 999 |
_c12769 _d12769 |
||